| 000 | 01009nam a22001817a 4500 | ||
|---|---|---|---|
| 999 |
_c56940 _d56940 |
||
| 003 | Ge_BSU | ||
| 005 | 20190628202333.0 | ||
| 008 | 190628s1983 ||||| |||| 00| 0 geo d | ||
| 041 | _ageo | ||
| 080 | _a621.7 (075.8) დ-22 | ||
| 100 |
_aდარისპანაშვილი, გ _93110 |
||
| 245 |
_aდეტალის დამუშავების ოპერაციული ტექნოლოგიური პროცესის დაპროექტება : _bდამხმარე სახელმძღვ. / _cგ. დარისპანაშვილი. |
||
| 264 |
_aთბილისი : _bსპი, _c1983. |
||
| 300 |
_a100 გვ .: _bდანართები ; _c20 სმ. |
||
| 504 | _aბიბლიოგრაფ. გვ: 98 | ||
| 653 | _aდეტალის დამუშავების ოპერაციული ტექნოლოგიური პროცესის დაპროექტება | ||
| 942 |
_2udc _cBK |
||